Les éléments réguliers d'un N-lattice ; Les N-lattices linéaires /

Guardado en:
Autor Principal: Monteiro, Antonio A. R. 1907-1980.
Formato: Libro
Idioma:French
Publicado: Lisboa : Centro de Matemática e Aplicações Fundamentais das Universidades de Lisboa, 1978.
Series:Textos y Notas (CMAF) ; 15
Etiquetas: Agregar Etiqueta
Sin Etiquetas, Sea el primero en etiquetar este registro!
LEADER 00734nam a22001815a 4500
001 MAT.inmabb006429
008 101203s1978####po#######b####000#0#fre#d
005 20160318151701.0
245 1 4 |a Les éléments réguliers d'un N-lattice ;  |b Les N-lattices linéaires /  |c António Monteiro. 
260 |a Lisboa :  |b Centro de Matemática e Aplicações Fundamentais das Universidades de Lisboa,  |c 1978. 
300 |a 9 p. ;  |c 29 cm. 
490 1 |a Textos e Notas ;  |v 15 
504 |a Incluye referencias bibliográficas. 
100 1 |a Monteiro, Antonio A. R.  |q (Antonio Aniceto Ribeiro),  |d 1907-1980. 
740 4 |a Les N-lattices linéaires 
830 0 |a Textos y Notas (CMAF) ;  |v 15 
084 |a 06D99 (03G25)  |2 msc2000 
859 |h 06  |i M775e  |p A-8654  |b BIB. MATEMATICA